000 00669nam a2200205Ia 4500
001 15060
003 GE_BSU
008 181216s||||||||xx |||||||||||||| ||und||
040 _cGE_BSU
080 _a514.18
100 _aВальков,К.И.
245 _aЛекции по основам геометрического моделирования
245 _cРед.А.А.Гранаткина
260 _aЛенинград
260 _bИзд-во ленинградского ун-та
260 _c1975
300 _a178стр.22см.
653 _aЛекции по основам геометрического моделирования
942 _cBK
999 _c48178
_d48178